000 00465nmm a2200169Ia 4500
008 251105s9999||||xx |||||||||||||||||und||
020 _a8497421027
041 _aspa
100 _aChiappo, Leopoldo
245 0 _aPsicología del amor
264 _a[Madrid, España] :
_bBiblioteca Nueva,
_c2002
300 _a128 páginas
490 _aPsicología Universidad
650 _aPsychology
856 _uhttps://public.digitaliapublishing.com/a/4944
942 _cCF
999 _c74069
_d74069